000 00387nam a22001457a 4500
003 MACL
005 20170328130719.0
008 170328b xxu||||| |||| 00| 0 eng d
040 _cMACL
100 _aखुल्‍लर डी आर
_966904
245 _aभूगोल
260 _aNew Delhi
_bMcGraw Hill Education
_c2011
650 _aभूगोल
_936415
942 _2ddc
_cBK
999 _c56169
_d56169